<?xml version="1.0" encoding="UTF-8"?>
<record
    xmlns:xsi="http://www.w3.org/2001/XMLSchema-instance"
    xsi:schemaLocation="http://www.loc.gov/MARC21/slim http://www.loc.gov/standards/marcxml/schema/MARC21slim.xsd"
    xmlns="http://www.loc.gov/MARC21/slim">

  <leader>01565nam a2200277 a 4500</leader>
  <controlfield tag="001">ASIN030017201X</controlfield>
  <controlfield tag="005">20170105102927.0</controlfield>
  <controlfield tag="008">131212s2012    xxu                 eng d</controlfield>
  <datafield tag="020" ind1=" " ind2=" ">
    <subfield code="a">030017201X (paperback)</subfield>
    <subfield code="c">$35.00</subfield>
  </datafield>
  <datafield tag="020" ind1=" " ind2=" ">
    <subfield code="a">9780300172010 (paperback)</subfield>
  </datafield>
  <datafield tag="040" ind1=" " ind2=" ">
    <subfield code="a">0</subfield>
  </datafield>
  <datafield tag="050" ind1="0" ind2="4">
    <subfield code="a">DR576</subfield>
  </datafield>
  <datafield tag="082" ind1="0" ind2="4">
    <subfield code="a">320.5409561</subfield>
    <subfield code="b">OZK 2012</subfield>
  </datafield>
  <datafield tag="100" ind1="1" ind2=" ">
    <subfield code="a">(Ozkan), Behlul (Behlul) Ozkan.</subfield>
  </datafield>
  <datafield tag="245" ind1="1" ind2="0">
    <subfield code="a">From the abode of islam to the turkish vatan :</subfield>
    <subfield code="b">the making of a national homeland in turkey /</subfield>
    <subfield code="c">Behlul (Behlul) Ozkan (Ozkan)</subfield>
  </datafield>
  <datafield tag="260" ind1=" " ind2=" ">
    <subfield code="a">[S.l.] :</subfield>
    <subfield code="b">Yale University Press,</subfield>
    <subfield code="c">2012.</subfield>
  </datafield>
  <datafield tag="300" ind1=" " ind2=" ">
    <subfield code="a">288 p. ;</subfield>
    <subfield code="c">24 cm.</subfield>
  </datafield>
  <datafield tag="520" ind1=" " ind2=" ">
    <subfield code="a">How does a people move from tribal and religiously based understandings of society to a concept of the modern nation-state? This book examines the complex and pivotal case of Turkey. Tracing the shifting valences of vatan (Arabic for &#x201C;birthplace&#x201D; or &#x201C;homeland&#x201D;) from the Ottoman period&#x2014;when it signified a certain territorial integrity and imperial ideology&#x2014;through its acquisition of religious undertones and its evolution alongside the concept of millet (nation), Behl&#xFC;l &#xD6;zkan engages readers in the fascinating ontology of Turkey&#x2019;s protean imagining of its nationhood and the construction of a modern national-territorial consciousness.</subfield>
  </datafield>
  <datafield tag="650" ind1=" " ind2="0">
    <subfield code="a">Boundaries</subfield>
  </datafield>
  <datafield tag="650" ind1=" " ind2="0">
    <subfield code="a">International relations</subfield>
  </datafield>
  <datafield tag="650" ind1=" " ind2="0">
    <subfield code="a">National characteristics, Turkish</subfield>
  </datafield>
  <datafield tag="650" ind1=" " ind2="0">
    <subfield code="a">Nationalism</subfield>
  </datafield>
  <datafield tag="650" ind1=" " ind2="0">
    <subfield code="a">Turkey</subfield>
  </datafield>
  <datafield tag="856" ind1="4" ind2="0">
    <subfield code="3">Amazon.com</subfield>
    <subfield code="u">http://www.amazon.com/exec/obidos/ASIN/030017201X/chopaconline-20</subfield>
  </datafield>
  <datafield tag="942" ind1=" " ind2=" ">
    <subfield code="2">ddc</subfield>
    <subfield code="c">BK</subfield>
  </datafield>
  <datafield tag="999" ind1=" " ind2=" ">
    <subfield code="c">15864</subfield>
    <subfield code="d">15864</subfield>
  </datafield>
  <datafield tag="952" ind1=" " ind2=" ">
    <subfield code="0">0</subfield>
    <subfield code="1">0</subfield>
    <subfield code="4">0</subfield>
    <subfield code="7">0</subfield>
    <subfield code="8">NFIC</subfield>
    <subfield code="a">CIPS</subfield>
    <subfield code="b">CIPS</subfield>
    <subfield code="c">GEN</subfield>
    <subfield code="d">2013-10-01</subfield>
    <subfield code="l">1</subfield>
    <subfield code="o">320.5409561 OZK 2012</subfield>
    <subfield code="p">CIPS0001250</subfield>
    <subfield code="r">2022-02-08</subfield>
    <subfield code="s">2021-12-30</subfield>
    <subfield code="w">2013-12-12</subfield>
    <subfield code="y">BK</subfield>
  </datafield>
</record>
